000 00700nam a2200229Ia 4500
003 OSt
005 20240516144732.0
008 210716s2004 xx 000 0 und d
020 _a0070588635
040 _cAIMIT LIBRARY
041 _aeng
082 _a005.1331
_21
_bSCHH
100 _aSchildt, Herbert.
_9164875
245 _aArt of c++ /
_cBy Herbert Schildt.
250 _a1st ed.
260 _aNew Delhi :
_bTata McGraw Hill Publishing Company Ltd ,
_c2004.
300 _axvii,401p. ;
_bPB
_c24 cm.
650 _aPower of c++
_9164876
650 _aA simple garbage collector for c++
_9164877
650 _aFinancial calculations in c++
_9164878
942 _2ddc
_cBK
_e1st ed.
_k005.1331 SCHH
999 _c186897
_d186897